Kommunen im Rheinisch-Bergischen Kreis - Statistiken

Allgemein
  • Dieses Quiz wurde 56 mal gespielt
  • Das Durchschnittsergebnis liegt bei 6 aus 8
Antwortstatistiken
Einwohnerzahl Kommune % Korrekt
111.361 Bergisch Gladbach
96%
26.663 Overath
79%
34.375 Wermelskirchen
79%
20.033 Kürten
75%
15.782 Odenthal
67%
28.709 Rösrath
67%
28.078 Leichlingen (Rheinland)
63%
19.272 Burscheid
58%
Keine übereinstimmenden Quizze gefunden
Verteilung der Resultate
Anzahl Personen mit jedem Resultat
Perzentil nach korrekt beantworteten Fragen
Ihre Resultats-Entwicklung
Sie haben dieses Quiz noch nicht gespielt